| 000 | 00936nam a22002777a 4500 | ||
|---|---|---|---|
| 001 | 9516 | ||
| 003 | FISKH | ||
| 005 | 20260116140112.0 | ||
| 008 | 260116b cb ||||| |||| 00| 0 eng d | ||
| 020 | _a9788184517231 | ||
| 040 |
_aFISKH _beng _cFISKH _dFISKH |
||
| 050 | _aPZ7 | ||
| 082 | _a398.2 | ||
| 100 |
_aAnonymous _eAuthor |
||
| 245 |
_aLittle red riding hood : _bPop-up fairy tales / |
||
| 260 |
_aNew Delhi : _bDreamland Publications , |
||
| 300 |
_a8 unnumbered pages : _bcolor illustrations ; _c15 x 20 cm |
||
| 505 | _aE | ||
| 520 | _aPresents a retelling of the classic story of a little girl who meets a devious wolf in the forest while on her way to visit her sick grandmother complete with exciting, fun pop-ups and beautiful pictures. | ||
| 521 | 8 |
_a250
_bLexile estimate |
|
| 521 | 8 |
_aE
_bRaz-Plus |
|
| 650 |
_aPop-up book _vTales |
||
| 650 |
_aFiction _vPicture |
||
| 942 |
_2ddc _cBK _n0 |
||
| 999 |
_c9516 _d9516 |
||